000 00237 a2200097 4500
001 15038
100 _aClark M
245 _aMeeting soviet man
260 _aLondon Sydney Melbourne Wellington
_bAngus Robertson
_c
090 _c11793
_d11793
942 _aNUST-CAE
_cM
_c1995
999 _c250111
_d250111